Способ определения оптимальной скорости резания

Dades bibliogràfiques
Autor corporatiu: Томский политехнический университет (ТПУ)
Altres autors: Нестеренко В. П. Владимир Петрович, Арефьев К. П. Константин Петрович, Кондратюк А. А. Алексей Алексеевич, Меркулов В. И. Валерий Иванович, Сериков Л. В. Леонид Вениаминович
Sumari:опубл. 27.02.02
Предложенный способ определения оптимальной скорости резания твердосплавными инструментами по выбранному исходному параметру включено проведение измерения температуры в зоне контакта инструментальный - обрабатываемый материал при различных скоростях резания с построением графической зависимости и предварительный нагрев образцов твердосплавных инструментов. В качестве исходного параметра выбирают температуру предварительного нагрева твердосплавного инструмента, при которой в его формирующейся полиоксидной полупроводниковой поверхностной структуре - пленке достигается наименьшее значение ширины запрещенной зоны, соответствующее наибольшему значению концентрации носителей заряда, затем по построенной графической зависимости назначают в качестве оптимальной скорость резания, при которой температура нагрева в зоне контакта соответствует выбранной температуре предварительного нагрева твердосплавного инструмента.
В фонде НТБ ТПУ отсутствует
Idioma:rus
Publicat:
Matèries:
Format: Llibre
KOHA link:https://koha.lib.tpu.ru/cgi-bin/koha/opac-detail.pl?biblionumber=598284

MARC

LEADER 00000nam0a2200000 4500
001 598284
005 20231101132009.0
029 1 0 |a RU  |b 2179910  |c Пат.  |d МПК B 23 B 1/00 
035 |a (RuTPU)RU\TPU\tpu\21860 
035 |a RU\TPU\tpu\21859 
039 0 |a RU  |b 2000131041/02  |c 20001214 
090 |a 598284 
100 |a 20121005j20020227k y0rusy50 ca 
101 0 |a rus 
102 |a RU 
105 |a a k 000zy 
200 1 |a Способ определения оптимальной скорости резания  |f В. П. Нестеренко [и др.]  |g Томский политехнический университет (ТПУ) 
300 |a опубл. 27.02.02 
330 |a Предложенный способ определения оптимальной скорости резания твердосплавными инструментами по выбранному исходному параметру включено проведение измерения температуры в зоне контакта инструментальный - обрабатываемый материал при различных скоростях резания с построением графической зависимости и предварительный нагрев образцов твердосплавных инструментов. В качестве исходного параметра выбирают температуру предварительного нагрева твердосплавного инструмента, при которой в его формирующейся полиоксидной полупроводниковой поверхностной структуре - пленке достигается наименьшее значение ширины запрещенной зоны, соответствующее наибольшему значению концентрации носителей заряда, затем по построенной графической зависимости назначают в качестве оптимальной скорость резания, при которой температура нагрева в зоне контакта соответствует выбранной температуре предварительного нагрева твердосплавного инструмента. 
333 |a В фонде НТБ ТПУ отсутствует 
610 1 |a патенты 
610 1 |a труды учёных ТПУ 
701 1 |a Нестеренко  |b В. П.  |c специалист в области материаловедения  |c доцент Томского политехнического университета, кандидат технических наук  |f 1949-  |g Владимир Петрович  |2 stltpush  |3 (RuTPU)RU\TPU\pers\30074  |4 070 
701 1 |a Арефьев  |b К. П.  |c физик  |c профессор Томского политехнического университета, доктор физико-математических наук  |c член-корреспондент РАЕН  |f 1947-  |g Константин Петрович  |x TPU  |2 stltpush  |3 (RuTPU)RU\TPU\pers\19765  |4 070 
701 1 |a Кондратюк  |b А. А.  |c российский специалист в области материаловедения  |c доцент Томского политехнического университета, кандидат технических наук  |f 1953-  |g Алексей Алексеевич  |2 stltpush  |3 (RuTPU)RU\TPU\pers\25464  |4 070 
701 1 |a Меркулов  |b В. И.  |c российский специалист в области электротехники  |c доцент Томского политехнического университета, кандидат технических наук  |f 1942-  |g Валерий Иванович  |2 stltpush  |3 (RuTPU)RU\TPU\pers\25469  |4 070 
701 1 |a Сериков  |b Л. В.  |c российский химик  |c доцент Томского политехнического университета, кандидат химических наук  |f 1941-2010  |g Леонид Вениаминович  |2 stltpush  |3 (RuTPU)RU\TPU\pers\25624  |4 070 
712 0 2 |a Томский политехнический университет (ТПУ)  |c (1991-2009)  |2 stltpush  |3 (RuTPU)RU\TPU\col\376 
801 1 |a RU  |b 63413507  |c 20120201 
801 2 |a RU  |b 63413507  |c 20121023  |g RCR 
942 |c BK